00460nam a2200109Ia 4500008004100000050002200041100002500063245013600088260008600224300002800310521001200338140724s9999 xx 000 0 und d aRT 86b.G182 2011 aGalvez, Maria Luz E. 4aThe relation between students' perception of the performance evaluation tool and their clinical performance /cMaria Luz E. Galvez. aLas Piñas, Philippines :bSouthville International School and Colleges,cc2011. a60 p. :bill. ;c28 cm. aNursing